Statistics for Best Career Batting Average by MLB Franchise

Click here to take the quiz!

General Stats

  • This quiz has been taken 112 times
  • The average score is 12 of 30

Answer Stats

Team AVG Player % Correct
Detroit Tigers.366Ty Cobb
98%
Kansas City Royals.305George Brett
87%
Boston Red Sox.344Ted Williams
85%
San Diego Padres.338Tony Gwynn
83%
New York Yankees.342Babe Ruth
82%
Chicago White Sox.356Joe Jackson
71%
Milwaukee Brewers.306Paul Molitor
70%
St. Louis Cardinals.358Rogers Hornsby
69%
Colorado Rockies.316Todd Helton
69%
Seattle Mariners.312Edgar Martinez
65%
Houston Astros.297Jeff Bagwell
61%
Cleveland Indians.345Tris Speaker
60%
New York Mets.308Mike Piazza
42%
Toronto Blue Jays.300Roberto Alomar
40%
Tampa Bay Rays.290Carl Crawford
36%
Pittsburgh Pirates.333Paul Waner
35%
Washington Nationals.318Vladimir Guerrero
34%
Baltimore Orioles.340George Sisler
30%
Oakland Athletics.334Al Simmons
28%
Miami Marlins.295Juan Pierre
21%
San Francisco Giants.349Lefty O'Doul
20%
Philadelphia Phillies.346Ed Delahanty
16%
Los Angeles Dodgers.324Babe Herman
6%
Cincinnati Reds.323Edd Roush
6%
Atlanta Braves.324Hugh Duffy
3%
Texas Rangers.305Rusty Greer
2%
Minnesota Twins.330Heinie Manush
2%
Arizona Diamondbacks.289Greg Colbrunn
2%
Los Angeles Angels.295Mickey Rivers
1%
Chicago Cubs.336Riggs Stephenson
1%

Score Distribution

Percentile by Number Answered

Percent of People with Each Score

Your Score History

You have not taken this quiz